[Event "Teplice op 14th"]
[Site "Teplice"]
[Date "2019.06.15"]
[Round "1"]
[White "Abdumalik, Zhansaya"]
[Black "Olsen, Aage Dalstrup"]
[Result "1-0"]
[WhiteElo "2464"]
[BlackElo "2031"]
[PlyCount "83"]
[EventDate "2019.06.15"]
[EventType "swiss"]
[EventRounds "9"]
[EventCountry "CZE"]
[SourceTitle "CBM 191 Extra"]
[Source "ChessBase"]
[SourceDate "2019.09.30"]
[SourceVersion "1"]
[SourceVersionDate "2019.09.30"]
[SourceQuality "1"]

1. e4 c5 2. Nf3 d6 3. d4 cxd4 4. Nxd4 Nf6 5. Nc3 g6 6. Be3 Bg7 7. f3 h5 8. Qd2 Bd7 9. 0-0-0 Nc6 10. Kb1 a6 11. h4 Rc8 12. Nxc6 Bxc6 13. Bd4 Qc7 14. Bd3 b5 15. Nd5 Bxd5 16. exd5 Qb7 17. Rhe1 Kf8 18. Bf1 Rc7 19. Qa5 Ne8 20. Bf2 Bf6 21. Re4 Rc8 22. g3 Be5 23. Qd2 Nf6 24. Rb4 Qc7 25. c4 bxc4 26. Qc2 Nd7 27. Rxc4 Nc5 28. b4 Qb7 29. Kc1 Rb8 30. bxc5 Bb2+ 31. Kd2 Qxd5+ 32. Qd3 Qe6 33. Re1 Qf6 34. c6 Kg7 35. c7 Rbc8 36. Bh3 e6 37. Rb1 Be5 38. Rc6 d5 39. Rb7 Qe7 40. f4 Bd6 41. Bd4+ f6 42. Rbb6 1-0

[Event "Copenhagen Challenge"]
[Site "Ballerup"]
[Date "2014.05.14"]
[Round "1"]
[White "Hector, Jonny"]
[Black "Olsen, Aage Dalstrup"]
[Result "1-0"]
[WhiteElo "2511"]
[BlackElo "2054"]
[PlyCount "89"]
[EventDate "2014.05.14"]
[EventType "swiss"]
[EventRounds "9"]
[EventCountry "DEN"]
[SourceTitle "CBM 160 Extra"]
[Source "ChessBase"]
[SourceDate "2014.07.01"]
[SourceVersion "1"]
[SourceVersionDate "2014.07.01"]
[SourceQuality "1"]

1. d4 Nf6 2. Nc3 d5 3. Bg5 e6 4. e4 dxe4 5. Nxe4 Be7 6. Bxf6 Bxf6 7. Nf3 Nc6 8. Bb5 0-0 9. Bxc6 bxc6 10. 0-0 Qd5 11. Re1 Be7 12. Ne5 Bb7 13. c4 Qd8 14. Nc5 Bxc5 15. dxc5 f6 16. Nd3 Bc8 17. Qf3 Bd7 18. Nb4 Qe7 19. Red1 Qe8 20. Na6 Rc8 21. Qd3 Rf7 22. b4 e5 23. a4 Bg4 24. f3 e4 25. Qd4 Rd7 26. Qe3 Rxd1+ 27. Rxd1 exf3 28. Qxe8+ Rxe8 29. gxf3 Bxf3 30. Rd7 Re2 31. Nxc7 g5 32. b5 cxb5 33. axb5 g4 34. Nd5 Rg2+ 35. Kf1 Rxh2 36. Nxf6+ Kh8 37. Nxg4 Bxg4 38. Rxa7 Rb2 39. c6 h5 40. c7 Bh3+ 41. Kg1 Rg2+ 42. Kh1 Rg8 43. Kh2 Bc8 44. b6 Kg7 45. Ra8 1-0

[Event "Odense Andersen op"]
[Site "Odense"]
[Date "2013.05.11"]
[Round "6"]
[White "Bromann, Thorbjorn"]
[Black "Olsen, Aage Dalstrup"]
[Result "1-0"]
[WhiteElo "2368"]
[BlackElo "2056"]
[PlyCount "131"]
[EventDate "2013.05.08"]
[EventType "swiss"]
[EventRounds "9"]
[EventCountry "DEN"]
[SourceTitle "CBM 154 Extra"]
[Source "ChessBase"]
[SourceDate "2013.06.25"]
[SourceVersion "2"]
[SourceVersionDate "2013.06.25"]
[SourceQuality "1"]

1. e4 c5 2. Nf3 d6 3. Bb5+ Bd7 4. Bxd7+ Qxd7 5. 0-0 Nc6 6. Qe2 e6 7. Rd1 Nge7 8. b3 Ng6 9. Bb2 Nf4 10. Qf1 e5 11. Na3 Qg4 12. Nc4 Nd4 13. Nxd4 cxd4 14. f3 Qc8 15. c3 dxc3 16. dxc3 Be7 17. Ba3 0-0 18. Rac1 Qc7 19. g3 Ne6 20. Bxd6 Bxd6 21. Nxd6 Rfd8 22. Nc4 Rxd1 23. Qxd1 Qc5+ 24. Kg2 b5 25. Qd5 Rd8 26. Qxc5 Nxc5 27. Nxe5 Rd2+ 28. Kh3 f6 29. Nc6 Nd3 30. Ra1 h5 31. e5 fxe5 32. Kh4 Rxh2+ 33. Kg5 Rg2 34. Nxa7 Rxg3+ 35. Kf5 Nf2 36. Nxb5 g6+ 37. Kxe5 Rg5+ 38. Kf6 Rxb5 39. Kxg6 h4 40. Rf1 Nd3 41. f4 h3 42. f5 h2 43. Rh1 Ne5+ 44. Kg5 Rb7 45. Kf4 Nd3+ 46. Ke3 Ne5 47. Ke4 Ng4 48. Kf4 Rg7 49. a4 Kf7 50. a5 Kf6 51. a6 Nh6 52. Rxh2 Nxf5 53. c4 Rd7 54. Ra2 Ra7 55. Ke4 Ke6 56. b4 Nd6+ 57. Kd4 Kd7 58. b5 Kc7 59. Kc5 Ne4+ 60. Kb4 Kb6 61. Rh2 Rf7 62. Rh4 Nf6 63. c5+ Ka7 64. Ka5 Rf8 65. b6+ Ka8 66. Rd4 1-0

[Event "Copenhagen Challenge"]
[Site "Ballerup"]
[Date "2010.??.??"]
[Round "5"]
[White "Olsen, Aage Dalstrup"]
[Black "Hove, Esben Kjems"]
[Result "0-1"]
[WhiteElo "2095"]
[BlackElo "2269"]
[PlyCount "66"]
[EventDate "2010.04.28"]
[EventType "swiss"]
[EventRounds "9"]
[EventCountry "DEN"]
[SourceTitle "EXT 2018"]
[Source "ChessBase"]
[SourceDate "2017.10.13"]
[SourceVersion "1"]
[SourceVersionDate "2017.10.13"]
[SourceQuality "1"]

1. e4 c6 2. d4 d5 3. exd5 cxd5 4. Nf3 Nf6 5. c4 e6 6. Nc3 Be7 7. a3 0-0 8. Bd3 dxc4 9. Bxc4 Nbd7 10. 0-0 Nb6 11. Bd3 Nbd5 12. Ne5 b6 13. Bb5 Bb7 14. Bc6 Bxc6 15. Nxc6 Qc7 16. Nxd5 Nxd5 17. Ne5 Rac8 18. Qg4 Bd6 19. Re1 Qe7 20. Bh6 f6 21. Bxg7 Qxg7 22. Qxe6+ Kh8 23. Qxd5 Rcd8 24. Qe4 fxe5 25. dxe5 Bc5 26. Re2 Rd4 27. Qc2 Rg4 28. g3 Rxg3+ 29. hxg3 Qxg3+ 30. Kf1 Qh3+ 31. Ke1 Qh1+ 32. Kd2 Qxa1 33. f4 Qf1 0-1

[Event "Copenhagen Challenge"]
[Site "Ballerup"]
[Date "2010.??.??"]
[Round "7"]
[White "Olsen, Aage Dalstrup"]
[Black "Skjoldager, Mikael"]
[Result "1/2-1/2"]
[WhiteElo "2095"]
[BlackElo "1958"]
[PlyCount "49"]
[EventDate "2010.04.28"]
[EventType "swiss"]
[EventRounds "9"]
[EventCountry "DEN"]
[SourceTitle "EXT 2018"]
[Source "ChessBase"]
[SourceDate "2017.10.13"]
[SourceVersion "1"]
[SourceVersionDate "2017.10.13"]
[SourceQuality "1"]

1. e4 c5 2. d4 cxd4 3. c3 dxc3 4. Nxc3 Nc6 5. Nf3 d6 6. Bc4 Bg4 7. Bxf7+ Kxf7 8. Ng5+ Ke8 9. Qxg4 Ne5 10. Qe2 h6 11. Ne6 Qd7 12. Nd4 Nf6 13. 0-0 g5 14. f4 gxf4 15. Bxf4 Ng6 16. Nd5 Bg7 17. Rad1 Nxd5 18. exd5 Bxd4+ 19. Rxd4 Nxf4 20. Rdxf4 Rc8 21. Qd3 Kd8 22. Qd4 Rg8 23. Qxa7 Qb5 24. Qd4 Qc5 25. Rd1 1/2-1/2